Music Quiz

Random Music or Clickable Quiz

Questions in Song Lyrics Quiz Stats

 Plays Quiz not verified by Sporcle

Also try: 'Now' Song Titles
Challenge
Share
Tweet
Embed
Score 0/25 Timer 07:00
0 Plays Today
% Correct
Bohemian Rhapsody (Queen)
98.8%
Blowin' in the Wind (Bob Dylan)
95.2%
Who Put the Bomp (in the Bomp, Bomp, Bomp) (Barry Mann)
91.7%
Jessie's Girl (Rick Springfield)
89.3%
Church on Sunday (Green Day)
86.9%
Eleanor Rigby (The Beatles)
86.9%
Human (The Killers)
78.6%
You Oughta Know (Alanis Morissette)
77.4%
Sixteen Tons (Tennessee Ernie Ford)
76.2%
One (U2)
72.6%
Gallows Pole (Led Zeppelin)
71.4%
Once in a Lifetime (Talking Heads)
71.4%
Sk8er Boi (Avril Lavigne)
67.9%
% Correct
Hero (Enrique Iglesias)
64.3%
Firework (Katy Perry)
60.7%
Touch Me (The Doors)
58.3%
Purple Haze (Jimi Hendrix)
50%
Just a Girl (No Doubt)
50%
Institutionalized (Suicidal Tendencies)
35.7%
Where is the Love? (Black Eyed Peas)
34.5%
LDN (Lily Allen)
31%
Zero (Smashing Pumpkins)
21.4%
On a Plain (Nirvana)
20.2%
Franco Un-American (NOFX)
13.1%
Savior (Rise Against)
10.7%

You're not logged in!

Compare scores with friends on all Sporcle quizzes.
Join for Free
OR
Log In

You Might Also Like...

Show Comments

Extras

Created Jul 7, 2015ReportNominate
Tags:Clickable Quiz, Lyrics Quiz

Top Quizzes Today


Score Distribution

Your Account Isn't Verified!

In order to create a playlist on Sporcle, you need to verify the email address you used during registration. Go to your Sporcle Settings to finish the process.

Report this User

Report this user for behavior that violates our Community Guidelines.

Details: